Statystyki dla Kraje 197 do 205

Kliknij tutaj aby rozwiązać quiz!

Ogólne statystyki

  • Ten quiz został rozwiązany 768 razy
  • Średni wynik to 3 z 9

Statystyki odpowiedzi

pozycjapopulacjakraj% Poprawnych
Państwo stowarzyszone z Danią55 800Grenlandia
90%
Państwo stowarzyszone z Danią49 200Wyspy Owcze
48%
Uznany przez 73% wszystkich państw (144 z 196)4 550 400Palestyna
32%
Naród afrykański, uznany przez 44 narody586 000Sahara Zachodnia
32%
Państwo stowarzyszone z Królestwa Niderlandów154 800Curaçao
18%
Państwo stowarzyszone z Królestwa Niderlandów107 400Aruba
17%
Państwo stowarzyszone z Nową Zelandią19 100Wyspy Cooka
14%
Państwo stowarzyszone z Nową Zelandią1 500Niue
12%
Państwo stowarzyszone z Królestwa Niderlandów38 200Sint Maarten
7%

Rozkład punktacji

Percentyl według liczby udzielonych odpowiedzi

Procent ludzi z każdym wynikiem

Twoja historia wyników

Nie rozwiązałeś tego quizu